[Event "Bolton Easter Open"]
[Site "Bolton"]
[Date "2018.03.31"]
[Round "3.2"]
[White "Jaunooby, Ali Reza"]
[Black "Surtees, Michael J"]
[Result "1-0"]
[WhiteElo "2110"]
[BlackElo "2154"]
[Annotator "Ian"]
[PlyCount "77"]
[EventDate "2018.03.30"]
[EventType "swiss"]
[EventRounds "5"]
[EventCountry "ENG"]
[SourceTitle "BritBase"]
[Source "John Saunders"]
[SourceDate "2024.12.03"]
[SourceVersion "1"]
[SourceVersionDate "2024.12.03"]
[SourceQuality "1"]

1. d4 e6 2. Bf4 Nf6 3. e3 h6 4. Nd2 d5 5. Bd3 c5 6. c3 Nc6 7. Bg3 cxd4 8. exd4 g6 9. f4 Nh5 10. Ngf3 Bg7 11. Ne5 Nxe5 12. fxe5 Nxg3 13. hxg3 Qb6 14. Qf3 Bd7 15. O-O-O Bb5 16. Bc2 Qa6 17. c4 Bxc4 18. Nxc4 Qxc4 19. Kb1 O-O 20. Qe3 Rfc8 21. Rc1 Qb4 22. Rcf1 Rc7 23. Rf4 Rac8 24. Bd3 Rc3 25. Ka1 R8c6 26. Qe1 Rc1+ 27. Qxc1 Rxc1+ 28. Rxc1 g5 29. Rc8+ Bf8 30. Rf1 Qxd4 31. Bg6 Qxe5 32. Bxf7+ Kg7 33. Bh5 Qd6 34. Rf7+ Kg8 35. a3 e5 36. Rxb7 a5 37. Bf7+ Kh8 38. Bxd5 a4 39. Rf7 1-0

[Event "Bolton Easter Open"]
[Site "Bolton"]
[Date "2018.03.31"]
[Round "3.3"]
[White "Starley, Robert"]
[Black "Mason, Donald J"]
[Result "1/2-1/2"]
[WhiteElo "2092"]
[BlackElo "2120"]
[Annotator "Ian"]
[PlyCount "91"]
[EventDate "2018.03.30"]
[EventType "swiss"]
[EventRounds "5"]
[EventCountry "ENG"]
[SourceTitle "BritBase"]
[Source "John Saunders"]
[SourceDate "2024.12.03"]
[SourceVersion "1"]
[SourceVersionDate "2024.12.03"]
[SourceQuality "1"]

1. e4 e6 2. d4 d5 3. e5 c5 4. c3 Qb6 5. Nf3 Nc6 6. a3 Nh6 7. b4 cxd4 8. cxd4 Nf5 9. Bb2 Bd7 10. g4 Nh6 11. h3 f6 12. exf6 gxf6 13. Nc3 Nf7 14. Rc1 Bh6 15. Rc2 Ne7 16. Bd3 O-O 17. O-O Kh8 18. Re1 Rg8 19. Kh1 Rac8 20. Bc1 Qd6 21. Bxh6 Nxh6 22. Qd2 Nf7 23. Rec1 e5 24. Nb5 Bxb5 25. Bxb5 Rxc2 26. Rxc2 e4 27. Nh4 Ng5 28. Qe3 Ne6 29. Bf1 Qb6 30. Rd2 Qd6 31. f3 Qg3 32. Qh6 Qf4 33. Qxf4 Nxf4 34. fxe4 dxe4 35. Rf2 Ned5 36. Nf5 Rc8 37. Nd6 Rc1 38. Nxe4 Nxh3 39. Rf3 Ng5 40. Nxg5 fxg5 41. Kh2 Nf4 42. Bd3 Rd1 43. Be4 Rd2+ 44. Kh1 Rd1+ 45. Kh2 Rd2+ 46. Kh1 1/2-1/2

[Event "Bolton Easter Open"]
[Site "Bolton"]
[Date "2018.03.31"]
[Round "3.4"]
[White "Hopkins, Kit H"]
[Black "Boswell, Jacob Connor"]
[Result "1-0"]
[WhiteElo "1990"]
[BlackElo "1903"]
[Annotator "Ian"]
[PlyCount "69"]
[EventDate "2018.03.30"]
[EventType "swiss"]
[EventRounds "5"]
[EventCountry "ENG"]
[SourceTitle "BritBase"]
[Source "John Saunders"]
[SourceDate "2024.12.03"]
[SourceVersion "1"]
[SourceVersionDate "2024.12.03"]
[SourceQuality "1"]

1. c4 e5 2. Nc3 f5 3. Nf3 d6 4. d4 e4 5. Ng5 Be7 6. Nh3 Nf6 7. Nf4 c6 8. e3 O-O 9. h4 Na6 10. Bd2 Nc7 11. b4 d5 12. c5 b6 13. Na4 b5 14. Nc3 a5 15. bxa5 Ne6 16. Nxe6 Bxe6 17. Ne2 Nh5 18. g3 Qb8 19. Bb4 Bd8 20. Nc3 g6 21. Be2 Nf6 22. a4 bxa4 23. Qxa4 Rf7 24. a6 Bc8 25. Kd2 Qc7 26. Rhb1 Ng4 27. Ba5 Qxa5 28. Qxc6 Qc7 29. Qxa8 f4 30. Nxd5 fxe3+ 31. fxe3 Qd7 32. Rb8 Rf2 33. Nc3 Rxe2+ 34. Kxe2 Qf5 35. Qd5+ 1-0

[Event "Bolton Easter Open"]
[Site "Bolton"]
[Date "2018.03.31"]
[Round "3.5"]
[White "Hilton, Tim"]
[Black "Leah, Thomas"]
[Result "0-1"]
[WhiteElo "1876"]
[BlackElo "1968"]
[Annotator "Ian"]
[PlyCount "76"]
[EventDate "2018.03.30"]
[EventType "swiss"]
[EventRounds "5"]
[EventCountry "ENG"]
[SourceTitle "BritBase"]
[Source "John Saunders"]
[SourceDate "2024.12.03"]
[SourceVersion "1"]
[SourceVersionDate "2024.12.03"]
[SourceQuality "1"]

1. c4 Nf6 2. g3 e6 3. Bg2 d5 4. Nf3 Be7 5. O-O O-O 6. b3 c5 7. Bb2 Nc6 8. cxd5 Nxd5 9. d4 cxd4 10. Nxd4 Bd7 11. Nd2 Nxd4 12. Bxd4 Bc6 13. Nf3 Nf6 14. Qd2 Bd5 15. Qb2 Qa5 16. a3 Qb5 17. b4 a5 18. bxa5 Qxb2 19. Bxb2 Rxa5 20. Rfc1 Rfa8 21. Nd2 h6 22. Bxd5 Nxd5 23. Nc4 R5a6 24. e4 Nb6 25. Nxb6 Rxb6 26. Bd4 Rb3 27. Bc5 Bxc5 28. Rxc5 Ra4 29. e5 b5 30. Rd1 Raxa3 31. Rd8+ Kh7 32. Rd7 Kg6 33. Rb7 b4 34. g4 Ra2 35. Rcc7 Rf3 36. Rxb4 Rfxf2 37. h4 h5 38. g5 Rfe2 0-1

[Event "Bolton Easter Open"]
[Site "Bolton"]
[Date "2018.03.31"]
[Round "3.6"]
[White "Celinski, Kamil"]
[Black "Kobryn, Peter J"]
[Result "1-0"]
[WhiteElo "1861"]
[BlackElo "1969"]
[Annotator "Ian"]
[PlyCount "39"]
[EventDate "2018.03.30"]
[EventType "swiss"]
[EventRounds "5"]
[EventCountry "ENG"]
[SourceTitle "BritBase"]
[Source "John Saunders"]
[SourceDate "2024.12.03"]
[SourceVersion "1"]
[SourceVersionDate "2024.12.03"]
[SourceQuality "1"]

1. e4 c5 2. Nf3 d6 3. Bb5+ Bd7 4. Bxd7+ Qxd7 5. c4 Nc6 6. d4 cxd4 7. Nxd4 Nf6 8. Nc3 g6 9. f3 Bg7 10. Be3 O-O 11. Qd2 Rfd8 12. O-O Ne8 13. Nde2 Nc7 14. Rfd1 Ne5 15. b3 b5 16. cxb5 Nxb5 17. Nd5 Nc7 18. Nef4 Rdc8 19. Rac1 Nc6 20. Rxc6 1-0

[Event "Bolton Easter Open"]
[Site "Bolton"]
[Date "2018.03.31"]
[Round "3.7"]
[White "Taylor, Mark V"]
[Black "Bimpson, Tom"]
[Result "0-1"]
[WhiteElo "1776"]
[BlackElo "1985"]
[Annotator "Ian"]
[PlyCount "70"]
[EventDate "2018.03.30"]
[EventType "swiss"]
[EventRounds "5"]
[EventCountry "ENG"]
[SourceTitle "BritBase"]
[Source "John Saunders"]
[SourceDate "2024.12.03"]
[SourceVersion "1"]
[SourceVersionDate "2024.12.03"]
[SourceQuality "1"]

1. e4 d6 2. d4 Nf6 3. Nc3 Nbd7 4. Nf3 e5 5. h3 Be7 6. Be3 c6 7. a4 Qc7 8. Be2 a5 9. O-O h6 10. Nd2 g5 11. Nc4 Rg8 12. g4 Rb8 13. Kg2 b6 14. f3 Nf8 15. dxe5 dxe5 16. Qd2 Ng6 17. Rfd1 Nf4+ 18. Bxf4 gxf4 19. Nd6+ Kf8 20. Nxc8 Rxc8 21. Ba6 Ra8 22. Bf1 h5 23. Qe2 hxg4 24. fxg4 Rg6 25. Qf3 Kg7 26. Be2 Rh8 27. Rh1 Nh5 28. Qd3 Ng3 29. Rh2 Rd8 30. Qc4 Rd4 31. Qa6 Rgd6 32. Bd3 Rd7 33. h4 R7d6 34. h5 Qd7 35. h6+ Rxh6 0-1

[Event "Bolton Easter Open"]
[Site "Bolton"]
[Date "2018.03.31"]
[Round "3.8"]
[White "Reed, John"]
[Black "Hamilton, Selwyn L"]
[Result "1-0"]
[WhiteElo "1891"]
[BlackElo "1668"]
[Annotator "Ian "]
[PlyCount "81"]
[EventDate "2018.03.30"]
[EventType "swiss"]
[EventRounds "5"]
[EventCountry "ENG"]
[SourceTitle "BritBase"]
[Source "John Saunders"]
[SourceDate "2024.12.03"]
[SourceVersion "1"]
[SourceVersionDate "2024.12.03"]
[SourceQuality "1"]

1. d4 d5 2. c4 e6 3. Nc3 Be7 4. cxd5 exd5 5. Bf4 Nf6 6. e3 c6 7. Bd3 O-O 8. Nf3 Nbd7 9. h3 Re8 10. O-O Nf8 11. a3 Ng6 12. Bh2 Bd6 13. Bxd6 Qxd6 14. b4 Ne4 15. Qc2 Nxc3 16. Qxc3 b5 17. a4 Bd7 18. axb5 cxb5 19. Ra5 a6 20. Bxg6 hxg6 21. Ne5 Rec8 22. Qa3 Be8 23. Ra1 f6 24. Nd3 Rc6 25. Nc5 Rc7 26. Rxa6 Rxa6 27. Qxa6 Qxa6 28. Rxa6 Kf7 29. Kf1 g5 30. Ke2 Kg6 31. Kd3 Kf7 32. f3 Kg6 33. e4 dxe4+ 34. fxe4 Kf7 35. d5 Rc8 36. Kd4 g6 37. Ra7+ Kf8 38. Ne6+ Kg8 39. Nc5 Rd8 40. Ne6 Rd6 41. Kc5 1-0

[Event "Bolton Easter Open"]
[Site "Bolton"]
[Date "2018.04.01"]
[Round "4.1"]
[White "Jaunooby, Ali Reza"]
[Black "McPhillips, Joseph"]
[Result "0-1"]
[WhiteElo "2110"]
[BlackElo "2402"]
[Annotator "Ian "]
[PlyCount "76"]
[EventDate "2018.03.30"]
[EventType "swiss"]
[EventRounds "5"]
[EventCountry "ENG"]
[SourceTitle "BritBase"]
[Source "John Saunders"]
[SourceDate "2024.12.03"]
[SourceVersion "1"]
[SourceVersionDate "2024.12.03"]
[SourceQuality "1"]

1. d4 Nf6 2. Bf4 c5 3. e3 Qb6 4. Nc3 d6 5. dxc5 Qxc5 6. Qd4 Qc7 7. Bg5 Nc6 8. Qh4 Qa5 9. O-O-O Bd7 10. Nf3 Rc8 11. Bc4 Ng4 12. Rd5 Qc7 13. Bb3 Be6 14. Rb5 Bxb3 15. axb3 Nge5 16. Nxe5 Nxe5 17. Qa4 Nc6 18. Rd1 e6 19. Qe4 Be7 20. Bxe7 Qxe7 21. Rh5 g6 22. Rh6 d5 23. Qg4 f5 24. Qh4 Qg7 25. Qg5 Ne5 26. Rh4 Ng4 27. Rxg4 fxg4 28. Qxg4 Rc6 29. Nb5 O-O 30. Nd4 Ra6 31. Nxe6 Ra1+ 32. Kd2 Rxf2+ 33. Ke1 Qf6 34. Nf4 Rxd1+ 35. Qxd1 Qh4 36. Qxd5+ Kg7 37. Qxb7+ Kh6 38. Kd1 Qxh2 0-1

[Event "Bolton Easter Open"]
[Site "Bolton"]
[Date "2018.04.01"]
[Round "4.2"]
[White "Surtees, Michael J"]
[Black "Hopkins, Kit H"]
[Result "1-0"]
[WhiteElo "2154"]
[BlackElo "1990"]
[Annotator "Ian"]
[PlyCount "85"]
[EventDate "2018.03.30"]
[EventType "swiss"]
[EventRounds "5"]
[EventCountry "ENG"]
[SourceTitle "BritBase"]
[Source "John Saunders"]
[SourceDate "2024.12.03"]
[SourceVersion "1"]
[SourceVersionDate "2024.12.03"]
[SourceQuality "1"]

1. e4 e5 2. Bc4 Nf6 3. d3 c6 4. Nf3 Be7 5. Bb3 O-O 6. c3 d6 7. Nbd2 Nbd7 8. Qe2 h6 9. h3 Re8 10. Nf1 Bf8 11. Bd2 Nc5 12. Bc2 d5 13. b4 dxe4 14. dxe4 Ncd7 15. Ne3 g6 16. O-O Qc7 17. c4 b6 18. a3 Bb7 19. Ng4 Nxg4 20. hxg4 Bg7 21. g3 c5 22. b5 Nf8 23. g5 hxg5 24. Nxg5 Ne6 25. Nxe6 Rxe6 26. Bc3 Ree8 27. a4 Qe7 28. a5 Bf6 29. Kg2 Kg7 30. Rh1 Rh8 31. a6 Bc8 32. Rxh8 Kxh8 33. Qe3 Kg7 34. Rh1 g5 35. f4 exf4 36. e5 Kg8 37. Qe4 Bg7 38. Qxa8 Qe6 39. Qf3 Qxc4 40. Qd3 f3+ 41. Kf2 Qa2 42. Qd8+ Bf8 43. Rh8+ 1-0

[Event "Bolton Easter Open"]
[Site "Bolton"]
[Date "2018.04.01"]
[Round "4.3"]
[White "Jackson, Oliver A"]
[Black "Celinski, Kamil"]
[Result "1-0"]
[WhiteElo "2144"]
[BlackElo "1861"]
[Annotator "Ian"]
[PlyCount "75"]
[EventDate "2018.03.30"]
[EventType "swiss"]
[EventRounds "5"]
[EventCountry "ENG"]
[SourceTitle "BritBase"]
[Source "John Saunders"]
[SourceDate "2024.12.03"]
[SourceVersion "1"]
[SourceVersionDate "2024.12.03"]
[SourceQuality "1"]

1. e4 e5 2. f4 exf4 3. Nf3 d5 4. exd5 Nf6 5. Bc4 Bd6 6. O-O O-O 7. d4 Bg4 8. Bb3 c6 9. Nc3 cxd5 10. Nxd5 Nxd5 11. Bxd5 Nc6 12. c3 Rc8 13. Qd3 Bb8 14. Bb3 Ne7 15. Qb5 Rc6 16. Bd2 Rb6 17. Qg5 Rg6 18. Qh4 Qd7 19. Ng5 h6 20. Nxf7 Rxf7 21. Bxf4 Bxf4 22. Bxf7+ Kxf7 23. Rxf4+ Kg8 24. Raf1 Nf5 25. Qe1 Bh3 26. R1f2 Qd5 27. Qe8+ Kh7 28. Qe4 Ne3 29. Qxd5 Nxd5 30. Rf7 Ne3 31. R7f3 Nxg2 32. Rxh3 Nf4+ 33. Rg3 Rf6 34. Kf1 g5 35. Re3 Rf7 36. Ke1 b5 37. Kd2 Rd7 38. Re5 1-0

[Event "Bolton Easter Open"]
[Site "Bolton"]
[Date "2018.04.01"]
[Round "4.4"]
[White "Bimpson, Tom"]
[Black "Leah, Thomas"]
[Result "1/2-1/2"]
[WhiteElo "1985"]
[BlackElo "1968"]
[Annotator "Ian "]
[PlyCount "115"]
[EventDate "2018.03.30"]
[EventType "swiss"]
[EventRounds "5"]
[EventCountry "ENG"]
[SourceTitle "BritBase"]
[Source "John Saunders"]
[SourceDate "2024.12.03"]
[SourceVersion "1"]
[SourceVersionDate "2024.12.03"]
[SourceQuality "1"]

1. d4 Nf6 2. Bf4 e6 3. e3 c5 4. c3 b6 5. Nf3 Bb7 6. Nbd2 Be7 7. h3 O-O 8. Bd3 d6 9. O-O Nbd7 10. Qe2 Qc7 11. e4 e5 12. Bh2 Rfe8 13. Rad1 Bf8 14. dxe5 dxe5 15. Bc4 h6 16. Nh4 a6 17. a4 Bc6 18. b3 Qb7 19. Bd3 b5 20. Rb1 g6 21. g4 Nh7 22. Bg3 Ng5 23. Kh2 Ne6 24. Nhf3 Nf4 25. Bxf4 exf4 26. Rfe1 Bg7 27. axb5 axb5 28. Rbc1 Re7 29. b4 Rae8 30. Qf1 c4 31. Bb1 Nf6 32. g5 Nxe4 33. gxh6 Bxh6 34. Nxe4 Bxe4 35. Bxe4 Rxe4 36. Rxe4 Rxe4 37. Rd1 Re8 38. Qg2 Qe7 39. Nd4 Qe5 40. Qf3 Bg7 41. Kg2 Bf6 42. Rd2 Qg5+ 43. Qg4 Qxg4+ 44. hxg4 Rd8 45. Kf3 Bxd4 46. cxd4 c3 47. Rc2 Rxd4 48. Rxc3 Rxb4 49. Rc8+ Kg7 50. g5 Rb2 51. Rb8 b4 52. Kg2 Rb3 53. Kh2 Rb1 54. Kg2 b3 55. Kf3 Rb2 56. Kg2 Rb1 57. Kf3 Rb2 58. Kg2 1/2-1/2

[Event "Bolton Easter Open"]
[Site "Bolton"]
[Date "2018.04.01"]
[Round "4.5"]
[White "Mason, Donald J"]
[Black "Owen, Dennis P"]
[Result "1-0"]
[WhiteElo "2120"]
[BlackElo "1985"]
[Annotator "Ian "]
[PlyCount "141"]
[EventDate "2018.03.30"]
[EventType "swiss"]
[EventRounds "5"]
[EventCountry "ENG"]
[SourceTitle "BritBase"]
[Source "John Saunders"]
[SourceDate "2024.12.03"]
[SourceVersion "1"]
[SourceVersionDate "2024.12.03"]
[SourceQuality "1"]

1. e4 c6 2. d4 d5 3. e5 Bf5 4. h4 h6 5. g4 Bc8 6. f4 e6 7. h5 b6 8. Nf3 Ba6 9. f5 Bxf1 10. Rxf1 Na6 11. fxe6 fxe6 12. Qd3 Nc7 13. Qg6+ Kd7 14. Be3 Ne7 15. Qd3 Kc8 16. Nc3 Kb7 17. Ne2 Qe8 18. Nh4 Rd8 19. O-O-O Nc8 20. Ng6 Rg8 21. Rf3 Be7 22. Rdf1 c5 23. Nxe7 c4 24. Qg6 Nxe7 25. Qxe8 Rdxe8 26. Rf7 Nc6 27. c3 Nd8 28. R7f3 Kc8 29. Nf4 Rgf8 30. Ng6 Rxf3 31. Rxf3 Nc6 32. g5 hxg5 33. Bxg5 Kb7 34. Rf7 Rg8 35. Be7 Nxe7 36. Rxe7 Kc8 37. Rf7 Kb7 38. Kd2 b5 39. Ke3 a5 40. a3 Kb6 41. Kf4 b4 42. a4 bxc3 43. bxc3 Nb5 44. axb5 a4 45. Ke3 a3 46. Kd2 a2 47. Rf1 Ra8 48. Ra1 Kxb5 49. Nf4 Rf8 50. Ke3 Ra8 51. Nxe6 Ra7 52. Nf4 Kc6 53. Ne2 Kd7 54. Nc1 Ra3 55. Kd2 Ra6 56. Rxa2 Rh6 57. Ra7+ Ke8 58. Rxg7 Rxh5 59. Ne2 Rh3 60. Nf4 Rh2+ 61. Ke3 Rh6 62. Nxd5 Rh3+ 63. Ke4 Rh6 64. Nf6+ Kd8 65. Kd5 Rh1 66. Kd6 Kc8 67. e6 Ra1 68. e7 Re1 69. e8=Q+ Rxe8 70. Nxe8 Kb8 71. Nf6 1-0

[Event "Bolton Easter Open"]
[Site "Bolton"]
[Date "2018.04.01"]
[Round "4.6"]
[White "Starley, Robert"]
[Black "Doran, Chris"]
[Result "1-0"]
[WhiteElo "2092"]
[BlackElo "1954"]
[Annotator "Ian"]
[PlyCount "79"]
[EventDate "2018.03.30"]
[EventType "swiss"]
[EventRounds "5"]
[EventCountry "ENG"]
[SourceTitle "BritBase"]
[Source "John Saunders"]
[SourceDate "2024.12.03"]
[SourceVersion "1"]
[SourceVersionDate "2024.12.03"]
[SourceQuality "1"]

1. e4 c5 2. Nf3 d6 3. d4 cxd4 4. Nxd4 Nf6 5. Nc3 g6 6. Be3 Bg7 7. f3 Nc6 8. Qd2 O-O 9. Bc4 Bd7 10. g4 Ne5 11. Bb3 b5 12. O-O-O b4 13. Nd5 Nxd5 14. Bxd5 Rb8 15. h3 e6 16. Bb3 a5 17. f4 a4 18. Bxe6 fxe6 19. fxe5 Bxe5 20. Bh6 Bg7 21. Bxg7 Kxg7 22. Ne2 Bc6 23. Nf4 Qe7 24. Rhf1 e5 25. Nd5 Bxd5 26. Qxd5 a3 27. Rxf8 Rxf8 28. bxa3 bxa3 29. Qxd6 Qg5+ 30. Kb1 Qe3 31. Qxe5+ Kh6 32. h4 Qd2 33. Rc1 Rg8 34. Qg3 Qb4+ 35. Qb3 Qd4 36. c4 Qd7 37. g5+ Kg7 38. Qc3+ Kf8 39. c5 Qb5+ 40. Ka1 1-0

[Event "Bolton Easter Open"]
[Site "Bolton"]
[Date "2018.04.01"]
[Round "4.7"]
[White "Kobryn, Peter J"]
[Black "Reed, John"]
[Result "0-1"]
[WhiteElo "1969"]
[BlackElo "1891"]
[Annotator "Ian"]
[PlyCount "84"]
[EventDate "2018.03.30"]
[EventType "swiss"]
[EventRounds "5"]
[EventCountry "ENG"]
[SourceTitle "BritBase"]
[Source "John Saunders"]
[SourceDate "2024.12.03"]
[SourceVersion "1"]
[SourceVersionDate "2024.12.03"]
[SourceQuality "1"]

1. d4 Nf6 2. c4 d6 3. Nc3 e5 4. dxe5 dxe5 5. Bg5 Qxd1+ 6. Rxd1 Bb4 7. Nf3 Bxc3+ 8. bxc3 Nc6 9. Bc1 Be6 10. Nd2 O-O-O 11. e4 Nd7 12. Nb3 Nb6 13. Nc5 Rxd1+ 14. Kxd1 Bxc4 15. Bxc4 Nxc4 16. Ke2 Rd8 17. h4 b6 18. Nd3 Nd6 19. f3 f6 20. g4 Nb5 21. Kd2 Na5 22. Kc2 f5 23. a4 Nd6 24. g5 Nac4 25. h5 c5 26. exf5 Nxf5 27. Re1 Re8 28. Kb3 Nfd6 29. f4 e4 30. Nb2 Nxb2 31. Kxb2 Kd7 32. Kc2 Nf5 33. Rg1 Kc6 34. Rg2 Kd5 35. Rh2 Kc4 36. h6 g6 37. Rh3 e3 38. Kd1 Kxc3 39. Ke2 Nd4+ 40. Ke1 Kd3 41. Bb2 Nf5 42. Be5 c4 0-1

[Event "Bolton Easter Open"]
[Site "Bolton"]
[Date "2018.04.01"]
[Round "4.8"]
[White "Boswell, Jacob Connor"]
[Black "Newton, Robert"]
[Result "1/2-1/2"]
[WhiteElo "1903"]
[BlackElo "1962"]
[Annotator "Ian"]
[PlyCount "73"]
[EventDate "2018.03.30"]
[EventType "swiss"]
[EventRounds "5"]
[EventCountry "ENG"]
[SourceTitle "BritBase"]
[Source "John Saunders"]
[SourceDate "2024.12.03"]
[SourceVersion "1"]
[SourceVersionDate "2024.12.03"]
[SourceQuality "1"]

1. e4 c5 2. Nf3 d6 3. d4 cxd4 4. Nxd4 Nf6 5. Nc3 g6 6. Be3 Bg7 7. Be2 Nc6 8. O-O O-O 9. Qd2 Bd7 10. f4 Rc8 11. Nb3 a6 12. a4 Be6 13. f5 Bxb3 14. cxb3 Na5 15. Bd1 Rxc3 16. Qxc3 Nxe4 17. Qb4 Nc5 18. Bc2 Bxb2 19. Rad1 Qc7 20. Bh6 Nc6 21. Qf4 Be5 22. Qf2 Bg7 23. Bxg7 Kxg7 24. fxg6 hxg6 25. Bxg6 Ne5 26. Bc2 Rh8 27. Rde1 Ncd7 28. Bf5 Nf6 29. Rc1 Qa5 30. Qg3+ Ng6 31. Bxg6 fxg6 32. Qe3 e5 33. Qf3 Qb6+ 34. Kh1 Rf8 35. Rc8 Rxc8 36. Qxf6+ Kh6 37. Qh4+ 1/2-1/2

[Event "Bolton Easter Open"]
[Site "Bolton"]
[Date "2018.04.01"]
[Round "4.9"]
[White "Webster, Richard J"]
[Black "Taylor, Mark V"]
[Result "1-0"]
[WhiteElo "1935"]
[BlackElo "1776"]
[Annotator "Ian"]
[PlyCount "58"]
[EventDate "2018.03.30"]
[EventType "swiss"]
[EventRounds "5"]
[EventCountry "ENG"]
[SourceTitle "BritBase"]
[Source "John Saunders"]
[SourceDate "2024.12.03"]
[SourceVersion "1"]
[SourceVersionDate "2024.12.03"]
[SourceQuality "1"]

1. d4 Nf6 2. c4 e6 3. Nc3 Bb4 4. e3 Bxc3+ 5. bxc3 Qe7 6. c5 O-O 7. Bd3 e5 8. Ne2 b6 9. Ba3 bxc5 10. Bxc5 d6 11. Ba3 Bb7 12. O-O Nbd7 13. Ng3 g6 14. Re1 c5 15. e4 Nb6 16. Rb1 Bc6 17. d5 Ba4 18. Qf3 Kg7 19. Bc1 h6 20. h4 Bd7 21. Qd1 Ng4 22. h5 Qh4 23. Be2 Qh2+ 24. Kf1 gxh5 25. Bf3 f5 26. Ke2 Nxf2 27. Kxf2 fxe4 28. Nxe4 Rxf3+ 29. Qxf3 Rf8 1-0

[Event "Bolton Easter Open"]
[Site "Bolton"]
[Date "2018.04.01"]
[Round "4.10"]
[White "Hamilton, Selwyn L"]
[Black "Hilton, Tim"]
[Result "1-0"]
[WhiteElo "1668"]
[BlackElo "1876"]
[Annotator "Ian "]
[PlyCount "73"]
[EventDate "2018.03.30"]
[EventType "swiss"]
[EventRounds "5"]
[EventCountry "ENG"]
[SourceTitle "BritBase"]
[Source "John Saunders"]
[SourceDate "2024.12.03"]
[SourceVersion "1"]
[SourceVersionDate "2024.12.03"]
[SourceQuality "1"]

1. Nf3 Nf6 2. c4 g6 3. g3 Bg7 4. Bg2 O-O 5. O-O d6 6. d4 Nc6 7. d5 Na5 8. Nfd2 c5 9. Nc3 a6 10. Qc2 Bd7 11. b3 Rb8 12. Bb2 b5 13. Rab1 e6 14. dxe6 fxe6 15. Nce4 Nb7 16. Bxf6 Bxf6 17. Nxf6+ Qxf6 18. Ne4 Qf5 19. Qd3 d5 20. cxd5 exd5 21. Nc3 Qxd3 22. exd3 d4 23. Ne4 Bf5 24. Rbc1 Rfc8 25. Rc2 Bxe4 26. Bxe4 Nd6 27. Bd5+ Kg7 28. Rfc1 c4 29. bxc4 bxc4 30. Bxc4 a5 31. Bb3 Re8 32. Rc7+ Kh6 33. Rd7 Nb5 34. Kf1 Rec8 35. Rxc8 Rxc8 36. Bc4 Rb8 37. Bxb5 1-0

[Event "Bolton Easter Open"]
[Site "Bolton"]
[Date "2018.04.01"]
[Round "5.1"]
[White "McPhillips, Joseph"]
[Black "Surtees, Michael J"]
[Result "0-1"]
[WhiteElo "2402"]
[BlackElo "2154"]
[Annotator "Ian"]
[PlyCount "66"]
[EventDate "2018.03.30"]
[EventType "swiss"]
[EventRounds "5"]
[EventCountry "ENG"]
[SourceTitle "BritBase"]
[Source "John Saunders"]
[SourceDate "2024.12.03"]
[SourceVersion "1"]
[SourceVersionDate "2024.12.03"]
[SourceQuality "1"]

1. e4 c6 2. c4 e5 3. Nf3 f6 4. Nc3 Nh6 5. d4 Nf7 6. a3 a5 7. Be2 d6 8. h3 g6 9. O-O Bg7 10. Be3 Qe7 11. dxe5 fxe5 12. Na4 Nd7 13. Qd2 O-O 14. Rfd1 h6 15. Rac1 c5 16. Nh2 Ra6 17. Qc2 Nf6 18. b4 b6 19. b5 Ra7 20. Nxb6 Bb7 21. Nd5 Bxd5 22. exd5 e4 23. Ng4 h5 24. Nxf6+ Bxf6 25. Rf1 Kg7 26. Rce1 Qe5 27. a4 Re7 28. Bd2 Qf5 29. Bxa5 Bd4 30. Rd1 Ne5 31. Kh1 Ra8 32. Bd2 Ng4 33. f3 exf3 0-1

[Event "Bolton Easter Open"]
[Site "Bolton"]
[Date "2018.04.01"]
[Round "5.2"]
[White "Jackson, Oliver A"]
[Black "Jaunooby, Ali Reza"]
[Result "0-1"]
[WhiteElo "2144"]
[BlackElo "2110"]
[Annotator "Ian "]
[PlyCount "50"]
[EventDate "2018.03.30"]
[EventType "swiss"]
[EventRounds "5"]
[EventCountry "ENG"]
[SourceTitle "BritBase"]
[Source "John Saunders"]
[SourceDate "2024.12.03"]
[SourceVersion "1"]
[SourceVersionDate "2024.12.03"]
[SourceQuality "1"]

1. e4 c5 2. Nc3 Nc6 3. f4 g6 4. Nf3 Bg7 5. Bb5 Nd4 6. a4 e6 7. Nxd4 cxd4 8. Ne2 a6 9. Bd3 d5 10. e5 f6 11. exf6 Qxf6 12. O-O Ne7 13. b3 O-O 14. Bb2 Nc6 15. Qe1 Bd7 16. Qg3 Rf7 17. Rae1 Qe7 18. c3 dxc3 19. dxc3 Rc8 20. Nd4 Nxd4 21. cxd4 Qb4 22. Kh1 Bxd4 23. Bxd4 Qxd4 24. f5 exf5 25. Bxf5 Bxf5 0-1

[Event "Bolton Easter Open"]
[Site "Bolton"]
[Date "2018.04.01"]
[Round "5.3"]
[White "Bimpson, Tom"]
[Black "Mason, Donald J"]
[Result "0-1"]
[WhiteElo "1985"]
[BlackElo "2120"]
[Annotator "Ian"]
[PlyCount "74"]
[EventDate "2018.03.30"]
[EventType "swiss"]
[EventRounds "5"]
[EventCountry "ENG"]
[SourceTitle "BritBase"]
[Source "John Saunders"]
[SourceDate "2024.12.03"]
[SourceVersion "1"]
[SourceVersionDate "2024.12.03"]
[SourceQuality "1"]

1. d4 Nf6 2. Bf4 d6 3. Nf3 g6 4. Nc3 Bg7 5. e4 O-O 6. Qd2 a6 7. Bd3 c5 8. dxc5 dxc5 9. Bh6 Nc6 10. Bxg7 Kxg7 11. O-O-O Qa5 12. a3 Bg4 13. Qg5 h6 14. Qf4 e5 15. Nxe5 Nxe5 16. Qxe5 Rfe8 17. Qg3 Bxd1 18. Rxd1 c4 19. Bxc4 Nxe4 20. Nxe4 Rxe4 21. Bd3 Re1 22. f4 Rxd1+ 23. Kxd1 Rd8 24. Kc1 Re8 25. Kd1 Qb6 26. b3 Re3 27. Qh4 Qd4 28. Kd2 Re4 29. g3 Re6 30. Qh3 Qe3+ 31. Kc3 Qc5+ 32. Kd2 Qe3+ 33. Kc3 Qc5+ 34. Kd2 Qxa3 35. f5 Qa5+ 36. c3 Qa2+ 37. Kc1 Re1# 0-1